| 000 | 00575nam a22001937a 4500 | ||
|---|---|---|---|
| 999 |
_c6632 _d6632 |
||
| 003 | OSt | ||
| 005 | 20200214092636.0 | ||
| 008 | 200214b ||||| |||| 00| 0 eng d | ||
| 020 | _a9781412903660 | ||
| 040 | _cDDC. | ||
| 082 | _a302SMI 2006 | ||
| 100 |
_aSmith,B.Peter[et....al] _913649 |
||
| 245 |
_aUnderstanding social Psychology Across Cultures. _bLiving and working in a changed world. |
||
| 260 |
_aLondon. _bSage Publications. _c2006. |
||
| 300 |
_a323p; _bill, _c23cm. |
||
| 504 | _aincludes references and index. | ||
| 650 |
_aPsychology _931 |
||
| 942 |
_2ddc _cO_SHELF |
||